00401nam a2200157Ia 4500008004100000082000900041100003300050245002400083250000600107260000900113300000700122600003300129630002400162700003300186730002400219090123s9999 xx 000 0 und d b4290 aचौधरी तारा aआलम आरा a1 c1976 a88 aचौधरी तारा aआलम आरा aचौधरी तारा aआलम आरा